LEADER 01060nam a2200277 i 4500 001 991001975489707536 005 20020507154739.0 008 991004s1974 it ||| | ita 035 $ab11591225-39ule_inst 035 $aLE02728360$9ExL 040 $aDip.to Studi Giuridici$bita 082 0 $a926 100 1 $aMoruzzi, Giuseppe$028781 245 10$aGiulio Cesare Pupilli :$bdiscorso commemorativo pronunciato dal linceo Giuseppe Moruzzi nella seduta ordinaria del 29 giugno 1974 260 $aRoma :$bAccademia nazionale dei Lincei,$c1974 300 $a16 p. :$b1 ritr. ;$c27 cm. 490 0 $aCelebrazioni lincee 650 4$aCelebrazioni Lincee 650 4$aPupilli, Giulio Cesare 710 2 $aAccademia Nazionale dei Lincei 907 $a.b11591225$b01-03-17$c02-07-02 912 $a991001975489707536 945 $aLE027 ARCHI LINCEI CELEB. 2$g1$iLE027-4666$lle027$o-$pE0.00$q-$rl$s- $t0$u0$v0$w0$x0$y.i11801220$z02-07-02 996 $aGiulio Cesare Pupilli$9896461 997 $aUNISALENTO 998 $ale027$b01-01-99$cm$da $e-$fita$git $h0$i1 LEADER 02566oam 2200781 450 001 9910703806403321 005 20160219093048.0 035 $a(CKB)5470000002435672 035 $a(OCoLC)917893500 035 $a(EXLCZ)995470000002435672 100 $a20150812d2015 ua 0 101 0 $aeng 135 $aurbn||||a|||| 181 $ctxt$2rdacontent 182 $cc$2rdamedia 183 $acr$2rdacarrier 200 12$aA global battleground $ethe fight against Islamist extremism at home and abroad : hearing before the Committee on Homeland Security, House of Representatives, One Hundred Fourteenth Congress, first session, March 24, 2015 210 1$aWashington :$cU.S. Government Publishing Office,$d2015. 215 $a1 online resource (iii, 52 pages) 300 $aTitle from title screen (viewed on Aug. 12, 2015). 300 $aPaper version available for sale by the Superintendent of Documents, United States Government Publishing Office. 300 $a"Serial no. 114-11." 320 $aIncludes bibliographical references. 517 $aGlobal battleground 606 $aTerrorism$xReligious aspects$xIslam 606 $aIslamic fundamentalism 606 $aJihad 606 $aTerrorism$zUnited States$xPrevention 606 $aTerrorism$zMiddle East 606 $aState-sponsored terrorism$zIran 606 $aIslamic fundamentalism$2fast 606 $aJihad$2fast 606 $aState-sponsored terrorism$2fast 606 $aTerrorism$2fast 606 $aTerrorism$xPrevention$2fast 606 $aTerrorism$xReligious aspects$xIslam$2fast 607 $aIran$2fast 607 $aMiddle East$2fast 607 $aUnited States$2fast 608 $aLegislative hearings.$2fast 608 $aLegislative hearings.$2lcgft 615 0$aTerrorism$xReligious aspects$xIslam. 615 0$aIslamic fundamentalism. 615 0$aJihad. 615 0$aTerrorism$xPrevention. 615 0$aTerrorism 615 0$aState-sponsored terrorism 615 7$aIslamic fundamentalism. 615 7$aJihad. 615 7$aState-sponsored terrorism. 615 7$aTerrorism. 615 7$aTerrorism$xPrevention. 615 7$aTerrorism$xReligious aspects$xIslam. 801 0$bGPO 801 1$bGPO 801 2$bGPO 801 2$bSTF 801 2$bOCLCO 801 2$bCOO 801 2$bOCLCO 801 2$bOCLCF 801 2$bUBY 801 2$bOCLCO 801 2$bGPO 906 $aBOOK 912 $a9910703806403321 996 $aA global battleground$93457836 997 $aUNINA